00615nam a2200205Ia 4500003000900000008004100009020001800050040001600068080001800084245010900102250001200211260003200223300002300255650001100278650002000289700001800309700002300327700003100350700002800381IN-BaIIA211028s9999 xx 000 0 eng d a0-07-135408-5 cIIA Library a(035)535bBAS 0aHandbook of opticsbvol. 3, classical optics, vision optics, X-ray opticscedited by M. Bass… [et al.] a2nd ed. aNew YorkbMcGraw-Hillc2001 a[various pagings.] aoptics aoptics handbook aBass, M., ed. aEnoch, Jay M., ed. aVan Stryland, Eric W., ed. aWilliams, David R., ed.